| 000 | 00520nam a22001577a 4500 | ||
|---|---|---|---|
| 003 | OSt | ||
| 005 | 20250819050127.0 | ||
| 008 | 250819b |||||||| |||| 00| 0 eng d | ||
| 020 | _a1-58255-262-2. | ||
| 040 | _cOC | ||
| 082 | _aCirc. 615.1 S769 2004 | ||
| 245 | _aSpringhouse nurse's drug guide 2004 | ||
| 260 |
_aPhiladelphia : _bLippincott Williams & Wilkins, _cc2004. |
||
| 300 |
_axvi, 1454 pages ; _c22 cm. |
||
| 942 |
_2ddc _cBK-CIRC _e5th edition _hCirc. 615.1 S769 2004 _kCirc. _n0 |
||
| 999 |
_c4060 _d4060 |
||